00439nam a2200169Ia 4500003000400000005001700004008004100021020001800062040000700080041000800087082001700095100002800112245005700140260004700197300001200244365001300256OSt20230607145432.0210423s2013 xx 000 0 und d a9789350974988 cAL aeng a658 MISS223 aMISRA (S K);PURI (V K). aEconomic environment of business: with case studies. aNew DelhibHimalaya Publishing Housec2013 a716bPB b475cINR